[Event "Detroit op"]
[Site "Detroit"]
[Date "1999.12.18"]
[Round "4"]
[White "Bainbridge, Chris"]
[Black "Kimura, James"]
[Result "0-1"]
[WhiteElo "959"]
[BlackElo "1811"]
[PlyCount "72"]
[EventDate "1999.12.18"]
[EventType "swiss"]
[EventRounds "6"]
[EventCountry "USA"]
[SourceTitle "EXT 2007"]
[Source "ChessBase"]
[SourceDate "2006.11.23"]
[SourceVersion "1"]
[SourceVersionDate "2006.11.23"]
[SourceQuality "1"]

1. c4 Nf6 2. e3 g6 3. Nc3 Bg7 4. d4 0-0 5. Bd3 d5 6. Nge2 b6 7. Qb3 Bb7 8. f3 dxc4 9. Bxc4 Nc6 10. 0-0 Na5 11. Qb4 Nxc4 12. Qxc4 Nd5 13. Qd3 e6 14. b3 c5 15. Bb2 Qf6 16. Nxd5 Bxd5 17. e4 Bb7 18. Rab1 Qe7 19. dxc5 Rfd8 20. Qe3 bxc5 21. Bxg7 Kxg7 22. Qc3+ Kg8 23. Ng3 Ba6 24. Rfd1 Qc7 25. Qf6 Rd7 26. e5 Rad8 27. Rxd7 Qxd7 28. h3 Qd4+ 29. Kh2 Rd7 30. Rc1 c4 31. Ne2 Qd2 32. bxc4 Qxe2 33. Rg1 Bxc4 34. Qf4 Bd5 35. Kg3 Qxa2 36. Re1 Qa6 0-1

[Event "Detroit op"]
[Site "Detroit"]
[Date "1999.12.18"]
[Round "3"]
[White "Kimura, James"]
[Black "Asbury, Victor"]
[Result "1/2-1/2"]
[WhiteElo "1811"]
[BlackElo "1552"]
[PlyCount "75"]
[EventDate "1999.12.18"]
[EventType "swiss"]
[EventRounds "6"]
[EventCountry "USA"]
[SourceTitle "EXT 2007"]
[Source "ChessBase"]
[SourceDate "2006.11.23"]
[SourceVersion "1"]
[SourceVersionDate "2006.11.23"]
[SourceQuality "1"]

1. e4 c5 2. Nf3 Nc6 3. d4 cxd4 4. Nxd4 g6 5. c3 Bg7 6. Bc4 Nf6 7. Nxc6 bxc6 8. e5 Nd5 9. Bxd5 cxd5 10. Qxd5 Ba6 11. Bf4 0-0 12. Nd2 Qb6 13. b3 Bb7 14. Qd4 Qxd4 15. cxd4 Bxg2 16. Rg1 Bh3 17. Rg3 Bf5 18. Nc4 Rac8 19. Rc1 d5 20. exd6 exd6 21. Nxd6 Rxc1+ 22. Bxc1 Bb1 23. a3 Bxd4 24. Nb5 Re8+ 25. Kd2 Bxf2 26. Bb2 Bxg3 27. hxg3 a5 28. Bc3 Rd8+ 29. Kc1 Bd3 30. Nd4 Rd5 31. Kd2 Bb5 32. Ke3 f5 33. Bxa5 Re5+ 34. Kf2 Kf7 35. Bc3 Rc5 36. Nxb5 Rxb5 37. b4 Rd5 38. a4 1/2-1/2